Statutory Audit in Slovakia – Phenomenon of Current Legislative Changes
Objasnenie dôvodov a implikácie harmonizačných a štandardizačných zmien v legislatívnych zmenách v oblasti štatutárneho auditu na Slovensku. Dopady týchto zmien na audit v praxi. Súčasné zmeny v požiadavkách na výkon štatutárneho auditu účtovnej závierky podľa medzinárodných štandardov finančného vý...
Enregistré dans:
| Auteur principal: | |
|---|---|
| Format: | Chapitre de livre |
| Langue: | slovaque |
| Sujets: | |
| Tags: |
Pas de tags, Soyez le premier à ajouter un tag!
|
MARC
| LEADER | 00000naa$a2200000$$$4500 | ||
|---|---|---|---|
| 001 | 0268691 | ||
| 005 | 20240502083805.5 | ||
| 041 | 0 | |a slo | |
| 044 | |a CZ | ||
| 245 | 1 | 0 | |a Statutory Audit in Slovakia – Phenomenon of Current Legislative Changes |c Denisa Domaracká |
| 520 | |a Objasnenie dôvodov a implikácie harmonizačných a štandardizačných zmien v legislatívnych zmenách v oblasti štatutárneho auditu na Slovensku. Dopady týchto zmien na audit v praxi. Súčasné zmeny v požiadavkách na výkon štatutárneho auditu účtovnej závierky podľa medzinárodných štandardov finančného výkazníctva (IFRS). | ||
| 610 | 2 | 0 | |a účtovníctvo |
| 610 | 2 | 0 | |a audítorstvo |
| 610 | 2 | 0 | |a audit finančný |
| 610 | 2 | 0 | |a závierka účtovná |
| 610 | 2 | 0 | |a legislatíva |
| 610 | 2 | 0 | |a štandardizácia |
| 610 | 2 | 0 | |a IFRS |
| 610 | 2 | 0 | |a Slovensko |
| 610 | 2 | 0 | |a Európska únia |
| 100 | 1 | |a Domaracká, Denisa | |